<?xml version="1.0" encoding="UTF-8"?>
<collection xmlns="http://www.loc.gov/MARC21/slim">
 <record>
  <leader>     na                 </leader>
  <controlfield tag="001">INLIS000000000021984</controlfield>
  <controlfield tag="005">20231116095256</controlfield>
  <controlfield tag="007">ta</controlfield>
  <controlfield tag="008">231116                b          0 ind  </controlfield>
  <datafield tag="020" ind1=" " ind2=" ">
   <subfield code="a">979-24-5795-x</subfield>
  </datafield>
  <datafield tag="035" ind1=" " ind2=" ">
   <subfield code="a">0010-1123000192</subfield>
  </datafield>
  <datafield tag="082" ind1=" " ind2=" ">
   <subfield code="a">A.297.56</subfield>
  </datafield>
  <datafield tag="084" ind1=" " ind2=" ">
   <subfield code="a">A.297.56 DIN k</subfield>
  </datafield>
  <datafield tag="100" ind1="0" ind2=" ">
   <subfield code="a">Dina</subfield>
   <subfield code="e">Pengarang</subfield>
  </datafield>
  <datafield tag="245" ind1="1" ind2=" ">
   <subfield code="a">Kami Patuh Pada Allah Karena Kami Anak Saleh :</subfield>
   <subfield code="b">Mengenalkan Ayat-Ayuat Al-Quran Melalui Cerita Dan Gerak</subfield>
  </datafield>
  <datafield tag="250" ind1=" " ind2=" ">
   <subfield code="a">Cetakan 3</subfield>
  </datafield>
  <datafield tag="264" ind1=" " ind2=" ">
   <subfield code="a">Bandung :</subfield>
   <subfield code="b">Marja,</subfield>
   <subfield code="c">2021</subfield>
  </datafield>
  <datafield tag="300" ind1=" " ind2=" ">
   <subfield code="a">52 halaman :</subfield>
   <subfield code="b">Ilustrasi [Warna] ;</subfield>
   <subfield code="c">29 cm</subfield>
  </datafield>
  <datafield tag="336" ind1=" " ind2=" ">
   <subfield code="2">rdacontent</subfield>
   <subfield code="a">Teks</subfield>
  </datafield>
  <datafield tag="337" ind1=" " ind2=" ">
   <subfield code="2">rdamedia</subfield>
   <subfield code="a">Tanpa Perantara</subfield>
  </datafield>
  <datafield tag="338" ind1=" " ind2=" ">
   <subfield code="2">rdacarrier</subfield>
   <subfield code="a">Lembar</subfield>
  </datafield>
  <datafield tag="520" ind1=" " ind2=" ">
   <subfield code="a">Kami Patuh pada Allah karena Kami Anak Saleh: Mengenalkan Ayat-ayat Al-Quran melalui Cerita dan Gerak&#13;
Sampul Depan&#13;
Bunda Dina, Andi Tegar&#13;
Marja, 6 Feb 2023 - 52 halaman&#13;
Ada cara menghapal ayat Al-Quran dengan seru, yaitu dengan Metode Rumah Qurani. Dengan metode ini anak akan menghapal ayat sambil melakukan gerakan tangan yang seru sehingga kegiatan menghapal menjadi mudah.&#13;
 &#13;
Pratinjau buku ini »&#13;
Halaman terpilih&#13;
Halaman 49&#13;
Halaman 49Halaman 47&#13;
Halaman 47Halaman 46&#13;
Halaman 46Halaman 43&#13;
Halaman 43Halaman 41&#13;
Halaman 41&#13;
Isi&#13;
Daftar Isi&#13;
5&#13;
kata Pengantar&#13;
7&#13;
Sekilas Metode RQ&#13;
9&#13;
Sapa AnakAnak Rumah Qurani&#13;
10&#13;
Assalamualaikum&#13;
15&#13;
Sayangi Ayah dan Bunda&#13;
17&#13;
Menjaga Kebersihan&#13;
19&#13;
Membersihkan Baju&#13;
21&#13;
Bermusyawarah&#13;
31&#13;
Berdamai itu Baik&#13;
33&#13;
Janganlah Mengejek&#13;
35&#13;
Allah Maha Melihat&#13;
37&#13;
Allah Sebaik Baiknya Penjaga&#13;
39&#13;
Doa untuk Ayah dan Bunda&#13;
41&#13;
Shalat Berjamaah&#13;
43&#13;
Penilaian atas Metode RQ&#13;
45&#13;
&#13;
Memakai Perhiasan ke Mesjid&#13;
23&#13;
Mendirika Shalat&#13;
25&#13;
Bersyukur&#13;
27&#13;
Tolong Menolong&#13;
29&#13;
Kamus Makna Ayat&#13;
46&#13;
Cover Belakang&#13;
51&#13;
Hak Cipta&#13;
&#13;
Istilah dan frasa umum&#13;
Adik-adik agar anak-anak anaknya artinya ayat beserta gerakannya ayatnya baju belajar beliau berbuat berdamai berjamaah di masjid bermain bermusyawarah bersama-sama Bisma Budi bukanlah buku cara Didi diejek Doktor Cilik dongeng Doni dan Hani efektif Firman Fun Learning guru HIMPAUDI IMAN isyarat tangan jangan Janganlah Judul kalian kamar katakanlah kebaikan kecil kegiatan kehidupan sehari-hari kreativitas Labib Maha Melihat Mahdi Tabatabai makanan makna ayat melakukan melalui membaca membantu membuat mencintai mendidikku mengejek menghafal Al-Quran menghapal ayat Al-Quran menghapal ayat beserta menghapalkan menjaga menuruti perintah menyayangi menyenangkan menyuruh metode pembelajaran Metode Rumah Qurani Misalnya Model pembelajaran muslim musyawarah nasihat orang-orang orangtua Pak Eri paku pasti Patuh PAUD pembelajaran Rumah Qurani penelitian permainan pernah Qurani terbukti saat Saleh saling sambil menghapal ayat sampah sayangilah Sayid Mahdi Sayyid sebagaimana sebaik-baik segera sekolah selalu senang seru sesuai sesuatu sesungguhnya setiap shalat berjamaah Subhanallah tahu teman tetap tidakkah urusan usia dini.</subfield>
  </datafield>
  <datafield tag="650" ind1=" " ind2="4">
   <subfield code="a">Adab Dalam Islam</subfield>
  </datafield>
  <datafield tag="650" ind1=" " ind2="4">
   <subfield code="a">Etika</subfield>
  </datafield>
  <datafield tag="700" ind1="0" ind2=" ">
   <subfield code="a">Andi Tegar</subfield>
   <subfield code="e">Pengarang</subfield>
  </datafield>
  <datafield tag="990" ind1=" " ind2=" ">
   <subfield code="a">076737</subfield>
  </datafield>
  <datafield tag="990" ind1=" " ind2=" ">
   <subfield code="a">076738</subfield>
  </datafield>
 </record>
</collection>
